Modernas concepciones penales en España (Record no. 137657)

MARC details
000 -LEADER
campo de control de longitud fija 00820nam a2200205 4500
001 - NÚMERO DE CONTROL
campo de control 137657
003 - IDENTIFICADOR DE NÚMERO DE CONTROL
campo de control ES-MaACL
005 - FECHA Y HORA DE LA ÚLTIMA TRANSACCIÓN
campo de control 20230906195422.0
007 - CAMPO FIJO DE DESCRIPCIÓN FÍSICA--INFORMACIÓN GENERAL
campo de control de longitud fija t|
008 - DATOS DE LONGITUD FIJA--INFORMACIÓN GENERAL
campo de control de longitud fija 070214s1923 sp r ||||1| spa d
100 1# - ENTRADA PRINCIPAL--NOMBRE DE PERSONA
Nombre de persona Saldaña, Quintiliano,
Fechas asociadas al nombre 1878-1938
9 (RLIN) 101861
245 10 - MENCIÓN DEL TÍTULO
Título Modernas concepciones penales en España
Resto del título : teoría pragmática del derecho penal /
Mención de responsabilidad, etc. Quintiliano Saldaña ; traducción directa del alemán y estudio preliminar sobre el pragmatismo por Jaime Masaveu.
250 ## - MENCION DE EDICION
Mención de edición 2a ed.
Resto de la mención de edición aum. con notas y epílogo del autor y un prólogo del Dr. Moritz Liepmann.
260 ## - PUBLICACIÓN, DISTRIBUCIÓN, ETC.
Lugar de publicación, distribución, etc. Madrid :
Nombre del editor, distribuidor, etc. Calpe,
Fecha de publicación, distribución, etc. 1923 (
Fabricante Imp. Hispánica)
300 ## - DESCRIPCIÓN FÍSICA
Extensión 106 p. ;
Dimensiones 24 x 16 cm.
700 1# - ENTRADA AGREGADA--NOMBRE PERSONAL
Nombre de persona Liepmann, Moritz.
9 (RLIN) 72250
700 1# - ENTRADA AGREGADA--NOMBRE PERSONAL
Nombre de persona Masaveu, Jaime.
9 (RLIN) 78674
852 ## - LOCALIZACIÓN
Ubicación ES-MaACL
Número de control de estantería F-9662
Holdings
Estatus retirado Estado de pérdida Estado de daño No para préstamo Biblioteca de origen Biblioteca actual Ubicación en estantería Fecha de adquisición Fuente de adquisición Total de préstamos Signatura topográfica completa Código de barras Visto por última vez Precio de reemplazo Tipo de ítem Koha
        Biblioteca del Ateneo de Madrid Biblioteca del Ateneo de Madrid Sala Pecera Planta 2 17/01/2008     F-9662 1143251 23/02/2023 23/02/2023 Libro impreso